Detalles MARC
| 000 -LÍDER |
| Campo fijo de descripción fija |
01415aam a2200301 i 4500 |
| 001 - NÚMERO DE CONTROL |
| Campo de control |
17641 |
| 003 - IDENTIFICADOR DEL NÚMERO DE CONTROL |
| Campo de control |
CO-MdFUSB |
| 005 - FECHA Y HORA DE LA ULTIMA TRANSACCIÓN |
| control field |
20230907111341.0 |
| 007 - CAMPO FIJO DE DESCRIPCIÓN FIJA--INFORMACIÓN GENERAL |
| Campo fijo de descripción fija |
ta |
| 008 - ELEMENTOS DE LONGITUD FIJA -- INFORMACIÓN GENERAL |
| Campo fijo de descripción fija -- Información general |
230907t1918 us ||||g |||| 00| 0 eng d |
| 040 ## - FUENTE DE CATALOGACIÓN |
| Idioma de catalogación |
spa |
| Agencia de catalogación original |
CO-MdFUSB |
| Agencia que realiza la transcripción |
CO-MdFUSB |
| Agencia que realiza la modificación |
CO-MdFUSBC |
| Convenciones de la descripción |
rda |
| 041 ## - CÓDIGO DE IDIOMA |
| Código de idioma para texto/pista de sonido o título separado |
eng |
| 082 04 - NÚMERO DE CLASIFICACIÓN DECIMAL DEWEY |
| Número de la edición del Dewey |
23 |
| Número de clasificación |
234.8 |
| Clave de autor-Numero de item |
C4331j |
| 100 1# - ASIENTO PRINCIPAL--NOMBRE PERSONAL |
| Nombre personal |
Chafer, Lewis Sperry |
| Término relacionador |
autor |
| 245 00 - TÍTULO |
| Título del Material |
He that is spiritual |
| Mención de responsabilidad, etc. |
/ Lewis Sperry Chafer |
| 264 #4 - PRODUCCIÓN, PUBLICACIÓN, DISTRIBUCIÓN, MANUFACTURA, Y COPYRIGHT |
| Lugar de producción, publicación, distribución, manufactura |
Findlay, Ohio : |
| Nombre del productor, publicador, distribuidor |
Dunham Publishing Company, |
| Fecha de producción, publicación, distribución, manufactura, o copyright |
©1918 |
| 300 ## - DESCRIPCIÓN FÍSICA |
| Extensión |
193 páginas |
| Dimensiones |
; 19 cm |
| 336 ## - TIPO DE CONTENIDO |
| Término de tipo de contenido |
texto |
| Código de tipo de contenido |
txt |
| Fuente |
rdacontent |
| 337 ## - TIPO DE MEDIO |
| Fuente |
rdamedia |
| Nombre del tipo de medio |
sin mediación |
| Código del tipo de medio |
n |
| 338 ## - TIPO DE SOPORTE |
| Fuente |
rdacarrier |
| Nombre del tipo de soporte |
volumen |
| Código Tipo de soporte |
nc |
| 500 ## - NOTA GENERAL |
| Nota General |
La biblioteca posee 2 ejemplares más de este libro traducidos al español. |
| 505 00 - NOTA DE CONTENIDO |
| Nota de contenido con formato preestablecido |
Traducción de la tabla de contenido: El hombre natural -- El hombre carnal -- El hombre espiritual -- Los ministerios del Espíritu -- Estar lleno del Espíritu, o, espiritualidad verdadera -- No agravien al Espíritu Santo : la primera condición de la espiritualidad verdadera -- No apaguen el Espíritu : la segunda condición de la espiritualidad verdadera -- Andemos guiados por el Espíritu : la tercera condición de la espiritualidad verdadera -- Una analogía y conclusión |
| 563 ## - NOTA DE ENCUADERNACIÓN |
| Nota de encuadernación |
Tapa dura |
| 650 14 - ASIENTO SECUNDARIO DE MATERIA - TERMINO TEMÁTICO |
| Término temático o nombre geográfico como elemento de entrada |
ESPIRITU SANTO \ SANTIFICACION \ VIDA CRISTIANA \ ESPIRITUALIDAD |
| 942 ## - TIPO DE MATERIAL (KOHA) |
| Tipo de Item KOHA |
Libros Patrimoniales |
| 945 ## - INFORMACIÓN LOCAL DEL REGISTRO |
| Catalogador |
AF |